| 000 | 01659cam a22004454i 4500 | ||
|---|---|---|---|
| 003 | PE-LiUPU | ||
| 005 | 20250731172808.0 | ||
| 008 | 150617s r 000 0 d | ||
| 035 | _a(Sirsi) a13440 | ||
| 040 |
_aPE-LiUPU _bspa _cPE-LiUPU _erda |
||
| 049 | _aPRUA | ||
| 082 | 0 | 4 |
_a231.2 _bR54 _221 |
| 100 | 1 |
_aRobertson, A. T., _eautor. |
|
| 245 | 1 | 0 |
_aEpocas en la Vida de Jesús : _bun Estudio del Desarrollo y lucha en la Obra del Mesías / _cA. T. Robertson. |
| 264 | 1 |
_aTexas : _bCasa Bautista de Publicaciones, _c1932. |
|
| 300 |
_a173 páginas ; _c19 cm |
||
| 336 |
_atext _2rdacontent |
||
| 337 |
_aunmediated _2rdamedia |
||
| 338 |
_avolume _2rdacarrier |
||
| 505 | 0 | _aLa Conciencia Mesiánica de Jesús -- La primera invitación de Jesús -- La nueva partida -- La campaña en Galilea -- La Enseñanza Especial dada a los Doce -- El Ataque Sobre Jerusalén -- La Respuesta de Jerusalén -- El triunfo Final de Jesús. | |
| 526 | _aSEG42 | ||
| 526 | _aSEG41 | ||
| 526 | _aSEG40 | ||
| 526 | _aSEG39 | ||
| 526 | _aP94 | ||
| 526 | _aP87 | ||
| 526 | _aP86 | ||
| 526 | _aP85 | ||
| 526 | _aP77 | ||
| 526 | _aP76 | ||
| 526 | _aP35 | ||
| 600 | 1 |
_aJesucristo _xMesiazgo |
|
| 910 |
_ajck _bjvq _cjck _d20150616 |
||
| 942 |
_2ddc _cBOOK |
||
| 949 |
_a231.2 R54 _wDEWEY _c1 _i02028 _lCCODEBUL1 _mBUL _p00.00 _r0 _sY _tBOOK _u2015-04-22 _xTEOLOGIA _PP35 _0COMPRA _o.STAFF. Colección General |
||
| 994 |
_aC0 _bPEPRU |
||
| 596 | _a1 | ||
| 999 |
_a231.2 R54 _wDEWEY _c3808 _i02028 _f2021-11-11 _g6 _lCCODEBUL1 _mBUL _r0 _sY _tBOOK _u2015-4-22 _xTEOLOGIA _PP35 _0COMPRA _o.STAFF. Colección General _d3808 |
||
| 980 |
_81 _gALBERTO SANCHEZ Responsable de Automatización |
||